Acervo Geral

Praia do Canto: Assim contamos nossa história

Xehetasun bibliografikoak
Beste egile batzuk: Guimarães, Mariza Neves (org.)
Formatua: Acervo Geral
Hizkuntza:Português
Argitaratua: Vitória - ES: Editora Milfontes, 2022.
Edizioa:2. ed.
Gaiak:
Kokapena:AG02545
LEADER 00936nam a2200205 4500
005 20260630120309.0
245 0 |a Praia do Canto:  |b Assim contamos nossa história 
250 |a 2. ed. 
260 |a Vitória - ES:  |b Editora Milfontes,  |c 2022. 
300 |a 208 p. : il. ; 23 cm. 
546 |a Português 
650 1 0 |a Memória - Vitória - Espírito Santo (ES)  |9 55007 
650 1 0 |a Narrativas históricas - Vitória - Espírito Santo (ES)  |9 55008 
650 1 0 |a Bairro Praia do Canto - Vitória - Espírito Santo (ES)  |9 55009 
650 1 0 |a Crônicas Capixabas  |9 55010 
700 1 |a Guimarães, Mariza Neves (org.)  |9 55011 
942 |c AG 
952 |0 0  |1 0  |3 Brochura  |4 0  |5 0  |7 0  |9 358328  |a BIBLIO  |b BIBLIO  |c AG02545  |d 2026-06-30  |e Doação  |l 0  |p 349664  |r 2026-06-30 12:05:33  |w 2026-06-30  |y AG 
952 |0 0  |1 0  |3 Brochura  |4 0  |5 0  |7 0  |9 358329  |a BIBLIO  |b BIBLIO  |c AG02545  |d 2026-06-30  |e Doação  |l 0  |p 349665  |r 2026-06-30 12:05:33  |t 2. ex.  |w 2026-06-30  |y AG 
999 |c 353786  |d 353786